| 000 | 00729nam a2200217 a 4500 | ||
|---|---|---|---|
| 005 | 20240914063743.0 | ||
| 008 | 050817s2003 000 eng d | ||
| 020 | _a9682466962 | ||
| 035 | _aUPN01000140055 | ||
| 049 | _aCG | ||
| 050 | 4 |
_aHD30.4 _bG3.2 |
|
| 100 | 1 | _aGarcía Martínez, José G. | |
| 245 | 1 | 3 |
_aLa reorganización en la empresa : _bguía para estructurar trabajos semestrales / _cJosé G. García Martínez. |
| 260 |
_aMéxico : _bTrillas, _c2003. |
||
| 300 |
_a129 p. : _bil., cuadros, grafs. |
||
| 440 | 0 | _aDiagnóstico administrativo | |
| 650 | 4 |
_aAdministración _vManuales _9426 |
|
| 650 | 2 |
_aAdministración _xEstudio y enseñanza _9423 |
|
| 650 | 4 |
_aInvestigación _xMetodología _95209 |
|
| 905 | _aLibro | ||
| 999 |
_c112203 _d112203 |
||